000 00602nam a2200193Ia 4500
003 LDD
008 181029s9999 xx 000 0 und d
020 _a9788180692680
_c600.00
040 _cLDD
100 _aMarwaha, Sonali Bhatt
245 0 _aColors of truth
_breligion, self and emotions
_bperspectives of Hinduism, Buddism
_cSonali Bhatt Marwaha
260 _aNew Delhi
_bConcept
_c2006
300 _a319p.
365 _b600.00
901 _a7750
_b27-09-2011
902 _aAB594
_b21-10-2011
_cF
_dAAKAR
_ePSY
903 _aDiscount-15
_bReqst by : Swati Patra
942 _2ddc
_cBK
999 _c100622
_d100622